000 002810000a22000970004500
100 1 _aTidwell, N.L.
245 1 0 _aNo highway! The outline of a semantic description of mesillâ
300 _aVol. 45, Num. 2 (Abril, 1995), Páginas 251-269
773 0 _tVetus Testamentum
942 _cANA
999 _c57994
_d57994